Putrajaya : Beyond the waterline
| Format: | Book |
|---|---|
| Language: | English |
| Published: |
Putrajaya :
Perbadana Putrajaya ,
2015
|
| Subjects: |
MARC
| LEADER | 00000cam a2200000 7i4500 | ||
|---|---|---|---|
| 001 | 0000027087 | ||
| 005 | 20161220.0 | ||
| 008 | 161125 my a eng | ||
| 020 | |a 9789671323618 | ||
| 040 | |a INS | ||
| 090 | 0 | 0 | |a DS599 |b P88 2015 |
| 245 | 0 | 0 | |a Putrajaya : |b Beyond the waterline |
| 260 | |a Putrajaya : |b Perbadana Putrajaya , |c 2015 | ||
| 300 | |a 148p. : |b color picture ; |c 30 cm. | ||
| 651 | 0 | |a Putrajaya |x History | |
| 999 | |a 0000024276 |b BOOK |c Open Shelf |e Default branch | ||